00620 a2200193 450000100060000002000180000604000220002410000180004624000440006424500390010830000080014736200090015544000120016465000230017694200070019995200900020695201130029699900170040961505 a9788508153923 cAnchieta - Pituba aKass, Mallory10aO livro negro da família Cachilllpor10aO livro negro da família Cachill a1770 a2011 1aÁtica 4aLiteratura juvenil cBK 00104070a91.1b91.1d2023-11-21l0p13565/PITr2023-11-21 18:29:40w2023-11-21yBK 00104070a91.1b91.1d2023-11-21l0oLJ 028.5 K19l KAS LIVp13566/PITr2023-11-21 18:29:40w2023-11-21yBK c61505d61505